Loading...
| Current Events | 2 | 20.00 | 100% | 100% | 0% |
| Fine Arts - Classical Music | 2 | 15.00 | 100% | 50% | 0% |
| Fine Arts - Other Fine Arts | 4 | 12.50 | 100% | 25% | 0% |
| Fine Arts - Painting and Sculpture | 5 | 16.00 | 100% | 60% | 0% |
| History - American History | 3 | 16.67 | 100% | 67% | 0% |
| History - European History | 5 | 10.00 | 80% | 20% | 0% |
| History - Other History | 7 | 10.00 | 100% | 0% | 0% |
| History - World History | 2 | 15.00 | 100% | 50% | 0% |
| Literature - American Literature | 5 | 8.00 | 80% | 0% | 0% |
| Literature - British Literature | 8 | 10.00 | 88% | 13% | 0% |
| Literature - European Literature | 4 | 10.00 | 100% | 0% | 0% |
| Literature - World Literature | 5 | 10.00 | 80% | 20% | 0% |
| Mythology | 6 | 15.00 | 100% | 17% | 33% |
| Philosophy | 5 | 12.00 | 80% | 40% | 0% |
| Pop Culture | 2 | 15.00 | 100% | 50% | 0% |
| Religion | 4 | 12.50 | 100% | 25% | 0% |
| Science - Biology | 6 | 8.33 | 83% | 0% | 0% |
| Science - Chemistry | 7 | 7.14 | 57% | 14% | 0% |
| Science - Other Science | 5 | 16.00 | 80% | 80% | 0% |
| Science - Physics | 4 | 10.00 | 75% | 25% | 0% |
| Social Science | 4 | 5.00 | 25% | 25% | 0% |